LEADER 01297nam a2200325 a 4500 001 000000129391 003 CaOOAMICUS 005 20120621133001.0 008 120621s2012 it u000 u ita r 020 $a978-88-16-53006-5 040 $aPUL$bita 082 04$a859 100 1 $aEliade, Mircea,$d1907-1986.$0(OLS)http://pul/name/1652 240 10$aGaudeamus.$lItaliano.$0(OLS)http://pul/title/163512 245 10$aGaudeamus /$cMircea Eliade ; postfazione di Roberto Scagno. 260 $aMilano :$bJaca Book,$c2012. 300 $a253 p. ;$c21 cm. 490 1 $aJaca letteratura. ;$v6 504 $aBibliografia in nota. 650 4$aLetteratura romena.$xNarrativa.$0(OLS)http://pul/subject/38752 700 1 $aScagno, Roberto.$0(OLS)http://pul/name/30234 830 0$aJaca letteratura ;$v6.$0(OLS)http://pul/title/163514 850 $aPUL 852 $aPUL$W1$xDP2 Cons. Gen., Altre Classi 3$y97$m859 ELIMI 1$j149870$qDDC 21$B148397$CPULBib$Z2$F148397 $H120135 $81 941 1 $a9 996 $6020$a978-88-16-53006-5$9(OLS)http://pul/number/150081 996 $6082$a859$9(OLS)http://pul/classification/2316 996 $6245$aGaudeamus$9(OLS)http://pul/title/163513 996 $6260$aMilano :$bJaca Book$9(OLS)http://pul/publisher/47900 LEADER 01433nam a2200301 a 4500 001 000000126730 003 CaOOAMICUS 005 20111027114439.0 008 111027s2011 vc c 000 u ita r 020 $a978-88-465-0749-5 040 $aPUL$bita 082 04$a230.2 245 00$aAmore e veritą :$bsintesi prospettica di teologia fondamentale Studi in onore di Rino Fisichella /$cGianluigi Pasquale, Carmelo Dotolo (edd.) 260 $aCittą del Vaticano :$bLateran University Press,$c©2011. 300 $a902 p. :$britr. ;$c24 cm 500 $aInclude indice. 600 14$aFisichella, Rino,$carciv.,$d1951-$0(OLS)http://pul/subject/38298 650 4$aTeologia fondamentale.$0(OLS)http://pul/subject/146 700 1 $aDotolo, Carmelo,$d1959-$0(OLS)http://pul/name/25919 700 1 $aPasquale, Gianluigi,$cO.F.M. Cap.,$d1967-$0(OLS)http://pul/name/54223 850 $aPUL 852 $aPUL$W1$xSL Religione 3$y85$m230. 2 PASGI 1$j146528$qDDC 21$B145234$CPULBib$Z2$F145234 $H118379 $82 941 1 $a9 996 $6020$a978-88-465-0749-5$9(OLS)http://pul/number/148280 996 $6082$a230.2$9(OLS)http://pul/classification/486 996 $6245$aAmore e veritą :$bsintesi prospettica di teologia fondamentale Studi in onore di Rino Fisichella$9(OLS)http://pul/title/160085 996 $6260$aCittą del Vaticano :$bLateran University Press$9(OLS)http://pul/publisher/74585